| 000 | 01253cam a2200301 a 4500 | ||
|---|---|---|---|
| 003 | EG-GiCUC | ||
| 005 | 20250223030624.0 | ||
| 008 | 120519s1988 ua dbo f m 000 0 eng d | ||
| 040 |
_aEG-GiCUC _beng _cEG-GiCUC |
||
| 041 | 0 | _aeng | |
| 049 | _aGift | ||
| 097 | _aPh.D | ||
| 099 | _aCai01.34.Ph.D.1988.Ad.E | ||
| 100 | 0 | _aAdel Alashmawi Ahmed Ramadan | |
| 245 | 1 | 0 |
_aEcological studies in Wadi Feiran its tributaries and the adjacent mountains / _cAdel Alashmawi Ahmed Ramadan ; Supervised Kamal H. Batanouny , Marinus J. A. Werger , Fredrikus J. A. Daniels |
| 246 | 1 | 5 | _aدراسات بيئية فى وادى فيران وروافده والجبال المتاخمة له |
| 260 |
_aIsmailia : _bAdel Alashmawi Ahmed Ramadan , _c1988 |
||
| 300 |
_a307 P. : _bcharts , maps , photographs ; _c30cm |
||
| 500 | _aGift from Pro.Dr.Kamal H. Batanouny | ||
| 502 | _aThesis (Ph.D.) - Suez Canal University - Faculty of Science - Department of Botany | ||
| 700 | 0 |
_aFredrikus J. A. Daniels , _eSupervisor |
|
| 700 | 0 |
_aKamal Eldin Hassan Batanouny , _eSupervisor |
|
| 700 | 0 |
_aMarinus J. A. Werger , _eSupervisor |
|
| 856 | _uhttp://172.23.153.220/th.pdf | ||
| 905 |
_aNazla _eRevisor |
||
| 905 |
_aSoheir _eCataloger |
||
| 942 |
_2ddc _cTH |
||
| 999 |
_c38552 _d38552 |
||